| 000 | 00377 a2200157 4500 | ||
|---|---|---|---|
| 020 | _a9695193005 | ||
| 082 | _a289.30922 | ||
| 090 |
_c5949 _d5949 |
||
| 100 | _aAzzam,Leila | ||
| 245 |
_aThe Lives of the Prophets. _cLeila Azzam. |
||
| 250 | _a1st | ||
| 260 |
_aLahore _bSuhail Academy. _c2000. |
||
| 300 | _a101p. | ||
| 500 | _aPapercover | ||
| 942 |
_aNBS _cBK _k289.30922 AZZ |
||
| 999 |
_c348340 _d348340 |
||